00548nam a2200193Ia 450000500170000000800410001702000150005808200190007310000200009224500460011226000330015830000120019165000100020365000120021365000130022594200060023895200950024499900150033920250224052636.0240331s9999 xx 000 0 und d a8177200275 bRAJ25448a920 aRajadurai, S. V 0aIndu India:bAgraniyilirundu Advani Varai aPuthanathambAdaiyalamc2003 a272 p., aIndia aHistory aPolitics cL 001040708LaWERCLbWERCLcSSCd2024-03-31l0o 920 RAJp5448r2024-03-31w2024-03-31yL c4238d4238